Statistics for SML Quiz

Click here to take the quiz!

General Stats

  • This quiz has been taken 141 times
  • The average score is 10 of 15

Answer Stats

HintAnswer% Correct
What Year Did Mario Start Taking Care Of Jeffy2016
95%
Who Is Cody's BoyfriendKen
90%
What Year Was SML Created2007
85%
Jeffy Hate'sGreen Beans
85%
How Old Is Jeffy16
84%
How Many Playtime Episodes Were There6
82%
Shrek Is Addicted ToCheesecake
82%
What Year Did Chef Pee Pee Start Working For Bowser2011
81%
What Year Did Cody And Joseph Start Appearing2014
81%
In 2017 Mario Proposed ToRosalina
79%
Brooklyn T Guys Parter's Name IsSimmons
67%
Who Killed Mama LuigiBowser
46%
In The Video "Chef Pee Pee's Accident'' It Was Revealed He Was Born In1990
40%
Who Created Bowser Junior's DogCraig The Devil
26%
What's Bowser's Biggest FearBanana's
24%

Score Distribution

Percentile by Number Answered

Percent of People with Each Score

Your Score History

You have not taken this quiz